[Event "SVK-chT3A2 1819"]
[Site "Slovakia"]
[Date "2019.03.10"]
[Round "10.6"]
[White "Palka, Martin"]
[Black "Harastova, Viera"]
[Result "1-0"]
[WhiteElo "1854"]
[BlackElo "1816"]
[PlyCount "95"]
[EventDate "2018.10.07"]
[EventType "team-tourn"]
[EventRounds "11"]
[EventCountry "SVK"]
[SourceTitle "EXT 2020"]
[Source "ChessBase"]
[SourceDate "2019.10.17"]
[SourceVersion "1"]
[SourceVersionDate "2019.10.17"]
[SourceQuality "1"]
[WhiteTeam "Senica SK"]
[BlackTeam "Skalica II"]
[WhiteTeamCountry "SVK"]
[BlackTeamCountry "SVK"]

1. e4 e5 2. Nf3 Nc6 3. Bb5 a6 4. Ba4 Be7 5. 0-0 b5 6. Bb3 Nf6 7. Re1 0-0 8. c3 d6 9. h3 Be6 10. Bc2 Qc8 11. d3 h6 12. Nbd2 Nh7 13. Nf1 f5 14. exf5 Bxf5 15. Ng3 Bg6 16. Bb3+ Kh8 17. d4 Na5 18. dxe5 Nxb3 19. Qxb3 Qb7 20. Qe6 Bf7 21. Qxe7 Rae8 22. Qh4 Bd5 23. Bd2 Bxf3 24. gxf3 Qxf3 25. Rf1 Rxe5 26. Qg4 Qf7 27. f4 Rd5 28. Qe2 Qg6 29. Kh2 Re8 30. Qg2 Qd3 31. Rae1 Nf6 32. Rxe8+ Nxe8 33. Rf2 Nf6 34. Qf1 Qg6 35. f5 Qf7 36. c4 Re5 37. Bc3 Rc5 38. cxb5 Rxb5 39. a4 Rb6 40. Qe2 d5 41. Qe3 Kh7 42. Qc5 Qd7 43. Re2 Rd6 44. Qd4 c5 45. Qxc5 d4 46. Bd2 Rd5 47. Qf8 Qc7 48. Re7 1-0

[Event "SVK-chT3A2 1718"]
[Site "Slovakia"]
[Date "2018.01.07"]
[Round "7.1"]
[White "Huska, Branislav"]
[Black "Harastova, Viera"]
[Result "1-0"]
[WhiteElo "1799"]
[BlackElo "1830"]
[PlyCount "101"]
[EventDate "2017.10.08"]
[EventType "team-tourn"]
[EventRounds "11"]
[EventCountry "SVK"]
[SourceTitle "EXT 2020"]
[Source "ChessBase"]
[SourceDate "2019.10.17"]
[SourceVersion "1"]
[SourceVersionDate "2019.10.17"]
[SourceQuality "1"]
[WhiteTeam "Senica SK"]
[BlackTeam "Skalica"]
[WhiteTeamCountry "SVK"]
[BlackTeamCountry "SVK"]

1. e4 e5 2. Nf3 Nc6 3. Bb5 a6 4. Ba4 b5 5. Bb3 Be7 6. d4 exd4 7. Nxd4 Na5 8. Bxf7+ Kxf7 9. Qh5+ Kf8 10. e5 c6 11. a4 Qe8 12. Qe2 Qg6 13. 0-0 Bc5 14. axb5 Bxd4 15. Rxa5 cxb5 16. Qf3+ Ke7 17. Qxa8 Nh6 18. Nc3 Bxc3 19. bxc3 Rf8 20. Ba3+ Kd8 21. Bxf8 Ng4 22. Qd5 Qb6 23. Bd6 Nh6 24. g4 Bb7 25. Bc5 Qc7 26. Qd6 Qxd6 27. Bxd6 Nxg4 28. Rfa1 Nh6 29. Rxa6 Ke8 30. Ra8+ Kf7 31. Rf8+ Ke6 32. Re8+ Kd5 33. Re7 Nf5 34. Rxd7 Bc6 35. Rd1+ Ke6 36. Rc7 Be4 37. f4 Bxc2 38. Rd2 Be4 39. Bf8 Nh4 40. Rd6+ Kf5 41. Rf7+ Kg4 42. Rxg7+ Kxf4 43. e6 Nf5 44. Rf7 Ke5 45. Rxf5+ Bxf5 46. e7 Kxd6 47. e8Q+ Kd5 48. Qxb5+ Ke4 49. Kf2 h5 50. Bg7 h4 51. Qc4# 1-0

[Event "SVK-chT3A2 1718"]
[Site "Slovakia"]
[Date "2017.12.17"]
[Round "6.1"]
[White "Harastova, Viera"]
[Black "Suchan, Jozef"]
[Result "1/2-1/2"]
[WhiteElo "1830"]
[BlackElo "1751"]
[PlyCount "77"]
[EventDate "2017.10.08"]
[EventType "team-tourn"]
[EventRounds "11"]
[EventCountry "SVK"]
[SourceTitle "EXT 2020"]
[Source "ChessBase"]
[SourceDate "2019.10.17"]
[SourceVersion "1"]
[SourceVersionDate "2019.10.17"]
[SourceQuality "1"]
[WhiteTeam "Skalica"]
[BlackTeam "Trnava Lokomotiva III"]
[WhiteTeamCountry "SVK"]
[BlackTeamCountry "SVK"]

1. d4 d5 2. c4 e6 3. Nc3 Nf6 4. Bg5 Be7 5. e3 Nbd7 6. Nf3 c6 7. Bd3 h6 8. Bh4 Nh5 9. Bxe7 Qxe7 10. Nd2 Nhf6 11. 0-0 0-0 12. Rc1 c5 13. cxd5 cxd4 14. exd4 Nxd5 15. Nxd5 exd5 16. Rc3 Nf6 17. Re1 Qd6 18. Bb1 Bd7 19. Rg3 Rfe8 20. Ree3 Rxe3 21. Rxe3 Re8 22. Rxe8+ Nxe8 23. Qc2 Nf6 24. Nf3 Qc6 25. Qxc6 Bxc6 26. Bd3 Kf8 27. Kf1 Ke7 28. Ke2 Kd6 29. Ne5 Be8 30. f4 a6 31. Ke3 Nd7 32. b4 Nb6 33. Kd2 f6 34. Nf3 Nc4+ 35. Kc3 Ne3 36. Nh4 Bd7 37. Kd2 Nc4+ 38. Kc3 Ne3 39. Kd2 1/2-1/2

[Event "SVK-chT3A2 1617"]
[Site "Slovakia"]
[Date "2017.03.05"]
[Round "10.4"]
[White "Palka, Miroslav"]
[Black "Harastova, Viera"]
[Result "1-0"]
[WhiteElo "1929"]
[BlackElo "1862"]
[PlyCount "95"]
[EventDate "2016.10.16"]
[EventType "team-tourn"]
[EventRounds "11"]
[EventCountry "SVK"]
[SourceTitle "EXT 2020"]
[Source "ChessBase"]
[SourceDate "2019.10.17"]
[SourceVersion "1"]
[SourceVersionDate "2019.10.17"]
[SourceQuality "1"]
[WhiteTeam "Senica SK"]
[BlackTeam "Skalica II"]
[WhiteTeamCountry "SVK"]
[BlackTeamCountry "SVK"]

1. c4 e5 2. Nc3 Nf6 3. e4 Nc6 4. g3 Bc5 5. Bg2 d6 6. h3 Be6 7. d3 Nd4 8. Nge2 c6 9. Nxd4 Bxd4 10. 0-0 Qd7 11. Kh2 0-0 12. f4 exf4 13. Bxf4 Be5 14. Rc1 h6 15. b3 Nh7 16. d4 Bxf4 17. Rxf4 g5 18. Rf2 f6 19. d5 Bf7 20. dxc6 bxc6 21. Rd2 Rad8 22. c5 d5 23. exd5 cxd5 24. Nxd5 Bxd5 25. Rxd5 Qc7 26. Rc2 Rxd5 27. Qxd5+ Kg7 28. Rd2 Rf7 29. b4 Nf8 30. Qd6 Rd7 31. Qxc7 Rxc7 32. c6 Kf7 33. b5 Ke7 34. a4 Ng6 35. a5 Ne5 36. b6 axb6 37. axb6 Rxc6 38. Bxc6 Nxc6 39. g4 Na5 40. Ra2 Nc6 41. Ra7+ Kd8 42. Rf7 Kc8 43. Rxf6 Kb7 44. Rxh6 Ne5 45. Kg3 Nc6 46. Kf3 Kxb6 47. Ke4 Kc7 48. Rxc6+ 1-0

[Event "SVK-chT3A2 1516"]
[Site "Slovakia"]
[Date "2016.02.21"]
[Round "8.2"]
[White "Harastova, Viera"]
[Black "Kubis, Ivan"]
[Result "1-0"]
[WhiteElo "1895"]
[BlackElo "1949"]
[PlyCount "91"]
[EventDate "2015.10.11"]
[EventType "team-tourn"]
[EventRounds "11"]
[EventCountry "SVK"]
[SourceTitle "EXT 2020"]
[Source "ChessBase"]
[SourceDate "2019.10.17"]
[SourceVersion "1"]
[SourceVersionDate "2019.10.17"]
[SourceQuality "1"]
[WhiteTeam "Skalica II"]
[BlackTeam "Gbely Nafta"]
[WhiteTeamCountry "SVK"]
[BlackTeamCountry "SVK"]

1. d4 Nf6 2. c4 e6 3. Nc3 Bb4 4. Qc2 0-0 5. Bg5 h6 6. Bh4 c5 7. Nf3 d5 8. e3 cxd4 9. Nxd4 b6 10. Be2 Bb7 11. 0-0 dxc4 12. Bxc4 Nbd7 13. Be2 Rc8 14. Bf3 Bxf3 15. Nxf3 Qc7 16. Bg3 Qc5 17. Rfd1 Qh5 18. Qa4 Qa5 19. Qxa5 Bxa5 20. Nb5 Rc2 21. b3 a6 22. Nbd4 Rb2 23. Rdc1 b5 24. Bd6 Ra8 25. Ba3 Rd2 26. b4 Rxd4 27. Nxd4 Bb6 28. Bb2 Nd5 29. a3 Ne5 30. Rc2 Nc4 31. Rac1 Rc8 32. Nf3 Bd8 33. Nd2 Ndb6 34. Bd4 Ra8 35. Bxb6 Nxb6 36. Rc5 Kf8 37. Kf1 Ke8 38. Ke2 Na4 39. Rc6 a5 40. Ne4 axb4 41. axb4 Be7 42. Nd6+ Bxd6 43. Rxd6 Ke7 44. Rdc6 g6 45. Rc7+ Kf6 46. Rb7 1-0

[Event "SVK-chT3A2 1516"]
[Site "Slovakia"]
[Date "2015.10.25"]
[Round "2.3"]
[White "Horecky, Peter"]
[Black "Harastova, Viera"]
[Result "1-0"]
[WhiteElo "2026"]
[BlackElo "1895"]
[PlyCount "85"]
[EventDate "2015.10.11"]
[EventType "team-tourn"]
[EventRounds "11"]
[EventCountry "SVK"]
[SourceTitle "EXT 2020"]
[Source "ChessBase"]
[SourceDate "2019.10.17"]
[SourceVersion "1"]
[SourceVersionDate "2019.10.17"]
[SourceQuality "1"]
[WhiteTeam "Sered MSK"]
[BlackTeam "Skalica II"]
[WhiteTeamCountry "SVK"]
[BlackTeamCountry "SVK"]

1. d4 d5 2. c4 Nf6 3. cxd5 Nxd5 4. Nf3 Nc6 5. e4 Nb6 6. Nc3 Bg4 7. d5 Bxf3 8. Qxf3 Nd4 9. Qd1 e5 10. Be3 Bc5 11. a3 Nd7 12. Na4 Qf6 13. Nxc5 Nxc5 14. f3 Rc8 15. Rc1 Nd7 16. Bxd4 exd4 17. Rc4 d3 18. Rc3 Qb6 19. Qd2 0-0 20. Bxd3 Ne5 21. Qf2 Nxd3+ 22. Rxd3 Qxf2+ 23. Kxf2 Rfd8 24. f4 Rd7 25. Rhd1 Rcd8 26. b4 Kf8 27. g4 Ke7 28. e5 c6 29. d6+ Ke6 30. Kf3 g6 31. Rg1 f6 32. Ke4 fxe5 33. fxe5 Rf8 34. Rgg3 Rff7 35. Rgf3 a6 36. a4 Rd8 37. Rxf7 Kxf7 38. Rf3+ Ke8 39. a5 Rd7 40. Kd4 Rd8 41. Kc5 Kd7 42. Rf7+ Ke6 43. Re7# 1-0

[Event "SVK-chT3A2 1415"]
[Site "Slovakia"]
[Date "2015.02.22"]
[Round "9.1"]
[White "Kovarik, Otto"]
[Black "Harastova, Viera"]
[Result "0-1"]
[WhiteElo "1926"]
[BlackElo "1876"]
[PlyCount "94"]
[EventDate "2014.10.19"]
[EventType "team-tourn"]
[EventRounds "11"]
[EventCountry "SVK"]
[SourceTitle "EXT 2019"]
[Source "ChessBase"]
[SourceDate "2018.10.10"]
[SourceVersion "1"]
[SourceVersionDate "2018.10.10"]
[SourceQuality "1"]

1. e4 e5 2. Nf3 Nc6 3. Bb5 a6 4. Bxc6 dxc6 5. h3 Nf6 6. 0-0 Bd6 7. d4 Qe7 8. dxe5 Bxe5 9. Nxe5 Qxe5 10. Nc3 0-0 11. Qe2 Re8 12. Re1 Bd7 13. a3 Rad8 14. f4 Qh5 15. Qxh5 Nxh5 16. Be3 Nf6 17. Bd4 Bc8 18. Bxf6 gxf6 19. Rad1 Rd6 20. Kf2 Red8 21. Rxd6 cxd6 22. Rd1 Kf8 23. g4 h6 24. Kg3 Ke7 25. b3 Rg8 26. f5 h5 27. Kf4 hxg4 28. hxg4 Rh8 29. Kg3 b5 30. Ne2 Bb7 31. Nf4 a5 32. c4 bxc4 33. bxc4 Ba6 34. Rb1 Rc8 35. Nh5 Rc7 36. Kf4 Bxc4 37. g5 fxg5+ 38. Kxg5 Bd3 39. Re1 Rb7 40. e5 Rb5 41. exd6+ Kxd6 42. Ng7 c5 43. Kf6 c4 44. Ne8+ Kc6 45. Rc1 Rxf5+ 46. Ke7 Rf1 47. Rc3 f5 0-1

[Event "SVK-chT3A2 1314"]
[Site "Slovakia"]
[Date "2014.03.02"]
[Round "10.3"]
[White "Harastova, Viera"]
[Black "Pericka, Pavol"]
[Result "1/2-1/2"]
[WhiteElo "1877"]
[BlackElo "1793"]
[PlyCount "82"]
[EventDate "2013.10.13"]
[EventType "team-tourn"]
[EventRounds "11"]
[EventCountry "SVK"]
[SourceTitle "EXT 2015"]
[Source "ChessBase"]
[SourceDate "2014.11.20"]
[SourceVersion "1"]
[SourceVersionDate "2014.11.20"]
[SourceQuality "1"]
[WhiteTeam "Skalica"]
[BlackTeam "Senica CVC"]
[WhiteTeamCountry "SVK"]
[BlackTeamCountry "SVK"]

1. d4 d5 2. c4 e6 3. Nc3 Nf6 4. Bg5 Nbd7 5. e3 Be7 6. Nf3 0-0 7. Bd3 dxc4 8. Bxc4 Nb6 9. Bb3 Nbd5 10. Nxd5 exd5 11. 0-0 c6 12. Qd3 h6 13. Bh4 g6 14. Bc2 Bf5 15. Qe2 Bxc2 16. Qxc2 Ne4 17. Bxe7 Qxe7 18. Ne5 Kg7 19. Rac1 Rad8 20. Nd3 f6 21. Nc5 Rfe8 22. Nxe4 dxe4 23. Qc5 Rd5 24. Qxe7+ Rxe7 25. Rc3 Rb5 26. b3 Rd7 27. Rfc1 Rdd5 28. Kf1 Kf7 29. Ke2 Ke6 30. f3 Rh5 31. fxe4 Rxh2 32. Kf3 Rg5 33. R1c2 Rh4 34. Rc5 Rhg4 35. Rxg5 Rxg5 36. g4 h5 37. gxh5 Rxh5 38. Rg2 g5 39. Kg4 Rh4+ 40. Kf3 Rh1 41. e5 Rh3+ 1/2-1/2

[Event "SVK-chT3A2 1213"]
[Site "Slovakia"]
[Date "2012.12.09"]
[Round "5.3"]
[White "Harastova, Viera"]
[Black "Meszaros, Lorant"]
[Result "1-0"]
[WhiteElo "1851"]
[BlackElo "2048"]
[PlyCount "79"]
[EventDate "2012.10.07"]
[EventType "team-tourn"]
[EventRounds "11"]
[EventCountry "SVK"]
[SourceTitle "EXT 2015"]
[Source "ChessBase"]
[SourceDate "2014.11.20"]
[SourceVersion "1"]
[SourceVersionDate "2014.11.20"]
[SourceQuality "1"]
[WhiteTeam "Skalica"]
[BlackTeam "Potonska Veza"]
[WhiteTeamCountry "SVK"]
[BlackTeamCountry "SVK"]

1. d4 f5 2. Nf3 Nf6 3. c4 g6 4. Nc3 Bg7 5. e3 0-0 6. b3 d6 7. Bb2 Qe8 8. d5 Kh8 9. Qc2 e5 10. dxe6 Bxe6 11. Be2 a6 12. 0-0 Nc6 13. a3 Ne5 14. Nxe5 dxe5 15. e4 c6 16. f3 f4 17. Rad1 Rd8 18. Rxd8 Qxd8 19. Rd1 Qb6+ 20. Kh1 g5 21. Na4 Qc7 22. Nc5 Bc8 23. Nd3 Re8 24. Bxe5 Qe7 25. b4 h5 26. g3 fxg3 27. hxg3 g4 28. Nf4 Qf7 29. Bd4 gxf3 30. Bxf3 Bg4 31. Bxg4 hxg4 32. e5 Nh7 33. Kg2 Kg8 34. e6 Qe7 35. Bxg7 Qxg7 36. Rd7 Qh6 37. Qf5 Nf6 38. Rd6 Kg7 39. Rd1 Qh7 40. Qg5+ 1-0

[Event "SVK-chT3A2 1213"]
[Site "Slovakia"]
[Date "2012.10.21"]
[Round "2.6"]
[White "Harastova, Viera"]
[Black "Palka, Miroslav"]
[Result "1/2-1/2"]
[WhiteElo "1851"]
[BlackElo "1924"]
[PlyCount "48"]
[EventDate "2012.10.07"]
[EventType "team-tourn"]
[EventRounds "11"]
[EventCountry "SVK"]
[SourceTitle "EXT 2015"]
[Source "ChessBase"]
[SourceDate "2014.11.20"]
[SourceVersion "1"]
[SourceVersionDate "2014.11.20"]
[SourceQuality "1"]
[WhiteTeam "Skalica"]
[BlackTeam "Senica SK"]
[WhiteTeamCountry "SVK"]
[BlackTeamCountry "SVK"]

1. d4 d5 2. c4 e6 3. Nc3 Nf6 4. Bg5 c6 5. e3 Nbd7 6. Nf3 Qa5 7. Bxf6 Nxf6 8. Bd3 Bb4 9. Qc2 dxc4 10. Bxc4 Nd5 11. Rc1 Be7 12. 0-0 Nxc3 13. Qxc3 Qxc3 14. Rxc3 0-0 15. a3 b6 16. Ne5 Bb7 17. Rfc1 Bd6 18. Nd3 Rac8 19. b4 c5 20. bxc5 bxc5 21. dxc5 Be7 22. Bb5 Bf6 23. Rb3 Be4 24. f3 Bxd3 1/2-1/2

[Event "SVK-chT3A2 0910"]
[Site "Slovakia"]
[Date "2010.01.31"]
[Round "7.5"]
[White "Pericka, Tomas"]
[Black "Harastova, Viera"]
[Result "1-0"]
[WhiteElo "1910"]
[BlackElo "1651"]
[PlyCount "53"]
[EventDate "2009.10.18"]
[EventType "team-tourn"]
[EventRounds "11"]
[EventCountry "SVK"]
[SourceTitle "EXT 2011"]
[Source "ChessBase"]
[SourceDate "2010.11.26"]
[SourceVersion "1"]
[SourceVersionDate "2010.11.26"]
[SourceQuality "1"]
[WhiteTeam "Osuske II"]
[BlackTeam "Skalica II"]
[WhiteTeamCountry "SVK"]
[BlackTeamCountry "SVK"]

1. e4 e5 2. Nf3 Nc6 3. Bc4 Nf6 4. d3 Bc5 5. 0-0 d6 6. Re1 0-0 7. c3 Be6 8. Nbd2 Ng4 9. Rf1 Bxc4 10. Nxc4 b5 11. Ne3 Nxe3 12. Bxe3 Bxe3 13. fxe3 a6 14. Qe1 f5 15. exf5 Rxf5 16. e4 Rf4 17. Qg3 Qe7 18. b4 Raf8 19. a4 Qe6 20. axb5 axb5 21. Nd2 Rxf1+ 22. Rxf1 Rxf1+ 23. Nxf1 Ne7 24. Ne3 Qb3 25. Qg4 Qxc3 26. Qe6+ Kf8 27. Qxe7+ 1-0

[Event "SVK-chT3A2 0910"]
[Site "Slovakia"]
[Date "2009.10.18"]
[Round "1.5"]
[White "Harastova, Viera"]
[Black "Both, Lajos"]
[Result "1-0"]
[WhiteElo "1651"]
[BlackElo "1904"]
[PlyCount "146"]
[EventDate "2009.10.18"]
[EventType "team-tourn"]
[EventRounds "11"]
[EventCountry "SVK"]
[SourceTitle "EXT 2011"]
[Source "ChessBase"]
[SourceDate "2010.11.26"]
[SourceVersion "1"]
[SourceVersionDate "2010.11.26"]
[SourceQuality "1"]
[WhiteTeam "Skalica II"]
[BlackTeam "Potonska Veza"]
[WhiteTeamCountry "SVK"]
[BlackTeamCountry "SVK"]

1. d4 Nf6 2. c4 e6 3. Nc3 b6 4. Nf3 Bb7 5. e3 d5 6. cxd5 exd5 7. Be2 Be7 8. 0-0 0-0 9. b3 Nbd7 10. Bb2 c5 11. Rc1 Rc8 12. dxc5 bxc5 13. Qd2 Nb6 14. Rfd1 a6 15. Rc2 Qc7 16. Rdc1 Rfd8 17. Qe1 Bd6 18. Nb1 Nbd7 19. Nbd2 Qb6 20. Bc3 Re8 21. Nf1 Ne4 22. Ba1 Ndf6 23. N1d2 Qd8 24. Nxe4 Nxe4 25. Nd2 Qh4 26. g3 Qe7 27. Bf3 Ng5 28. Bg2 d4 29. Nc4 Bxg2 30. Kxg2 Qe4+ 31. Kf1 Bb8 32. Nd2 Qh1+ 33. Ke2 Qd5 34. Rc4 dxe3 35. fxe3 Qe6 36. Qf2 Bd6 37. Rf1 f6 38. Rc3 Be5 39. Rc4 Bxa1 40. Rxa1 Qe5 41. Rac1 Ne6 42. Nf3 Qd5 43. Rd1 Qc6 44. Rd3 Red8 45. Rxd8+ Rxd8 46. Nd4 Nxd4+ 47. exd4 Qe4+ 48. Qe3 Qg2+ 49. Kd3 Qf1+ 50. Qe2 Qf5+ 51. Qe4 Qc8 52. Kc3 cxd4+ 53. Qxd4 Qb8 54. Qe4 Qd6 55. Rd4 Qc5+ 56. Rc4 Qa5+ 57. Kb2 Rd2+ 58. Kc1 Rd8 59. Kb2 Qd2+ 60. Rc2 Qd7 61. Qc4+ Kh8 62. Qxa6 Qd4+ 63. Rc3 h5 64. Qc4 Qe5 65. Qf4 Qa5 66. Rc2 Ra8 67. a4 Rd8 68. Qe4 f5 69. Qe2 g6 70. Qe7 Qb6 71. Qe5+ Kg8 72. Rc7 Qd4+ 73. Qxd4 Rxd4 1-0